000 00394nam a22001817a 4500
003 Ost
005 20220830203710.0
008 220830b |||||||| |||| 00| 0 eng d
020 _aNA
040 _cBT-PhCST
050 _a4407
082 _222
_a428
100 _aGupta, Nilanjana.
245 _aEnglish for all /
260 _bMacmillan,
_cc2000.
300 _a0
_bill. ;
942 _2ddc
_cENG
999 _c2686
_d2686